| 000 | 00612nam a2200181Ia 4500 | ||
|---|---|---|---|
| 003 | GCL | ||
| 008 | 140319s9999 xx 000 0 ara d | ||
| 040 |
_aGCL / _cGCL |
||
| 082 | 0 | 4 |
_a616.0757 _bم ت |
| 100 | 1 | _aماهر محمدى يس | |
| 245 | 1 | 0 |
_aتكنولوجيا التصوير بالاشعة المقطعية بالكمبيوتر / _cماهر محمدى يس |
| 700 | 1 | _aجمال فتح الله محمد | |
| 300 |
_a308 ص ؛ _c24 سم |
||
| 650 | 0 | 4 | _aالتصوير بالاشعة |
| 650 | 0 | 4 | _aالاشعة الطبية - اجهزة |
| 650 | 0 | 4 | _aالتشخيص بالاشعة |
| 942 |
_2ddc _cBK |
||
| 999 |
_c5199 _d5199 |
||